Quizzes
Events
Quiz Creation
Community
Videos
Private Events
Remove Ads
Sign In
Join for FREE
Feedback
Dark Mode
Quiz Categories
Sports
Geography
Music
Movies
Television
Just For Fun
Miscellaneous
History
Literature
Language
Science
Gaming
Entertainment
Religion
Holiday
For Kids
Quiz Lab
Recent
Popular Today
Quiz Kudos Today
Editor Picks
Curator Picks
Quizzes by...
Day
Popularity
Type
Ratings
Length
Year
Community
Subscriptions
Recent Discussions
Orange Saloon
Badges
Playlists
Quests
Create
Leaderboards
Showdown
Live 5
Trivia Bingo
Activity
Puzzle Library
Sporcle Events
Private Events
Virtual Trivia
Globe League
Become a Host
Pub Owners
SporcleCon
Opinionation
Our Games
Videos
Blog
Mobile Apps
Partnerships
Remove Ads and Go Orange
Feedback
Music
Pop Music
The Beatles
Song
Album
Lyrics
Bands
Singers
Artist
Clip
Rock
Rap
Classical
Billboard
Country Music
Kpop
Taylor Swift
Music
Pop Music
The Beatles
Song
Album
Lyrics
Bands
Singers
Artist
Clip
Rock
Rap
Classical
Billboard
Country Music
Kpop
Taylor Swift
Random Quiz
Search Sporcle
×
Quiz Lab
Quiz Lab
Music
Song
Type in answers that appear in a list
Type in answers that appear in a list
Classic
Best Score? Go Orange.
Name the Crown The Empire Songs Stats
Can you name the Name the Crown The Empire Songs off of their EP and Albums?
By
bensco
10m
31 Questions
412 Plays
412 Plays
412 Plays
Comments
Comments
Give Quiz Kudos
Give Quiz Kudos
-
- Ratings
hide this ad
Replay
Link that replays current quiz
Next Quiz
Link to next quiz in quiz playlist
You Got
0%
They Got
Avg Score
75%
Avg Friend Score
Upgrade to see
Score Distribution
Jump to the score distribution portion of the page
Score
0/31
Timer
10:00
0
Plays Today
Hint
Answer
% Correct
Limitless
Johnny Ringo
93.2%
The Fallout
The Fallout
92%
The Fallout
Johnny's Revenge
89.1%
Limitless
Limitless
88.3%
The Resistance: Rise of the Runaways
Rise of the Runaways
86.4%
The Resistance: Rise of the Runaways
Machines
85%
The Resistance: Rise of the Runaways
Johnny's Rebellion
84.5%
The Fallout
Makeshift Chemistry
82.5%
Limitless
Voices
82%
The Fallout
Memories of a Broken Heart
81.1%
The Resistance: Rise of the Runaways
Millennia
80.3%
Limitless
Lead Me Out of the Dark
78.6%
The Resistance: Rise of the Runaways
MNSTR
77.9%
The Fallout
Oh, Catastrophe
76.7%
The Resistance: Rise of the Runaways
Satellites (Act III)
76.2%
The Resistance: Rise of the Runaways
Initiation
75.7%
Hint
Answer
% Correct
The Resistance: Rise of the Runaways
A Call To Arms (Act I)
73.1%
The Resistance: Rise of the Runaways
The Wolves of Paris (Act II)
72.3%
Limitless
The Glass Elevator (Walls)
71.8%
The Resistance: Rise of the Runaways
Bloodline
71.8%
The Fallout
Menace
69.7%
The Fallout
Two's Too Many
68.9%
Limitless
Breaking Point
67.5%
The Fallout
Evidence
67%
Limitless
Wake Me Up
66.7%
The Fallout
Children of Love
65.5%
The Resistance: Rise of the Runaways
Maniacal Me
64.1%
The Resistance: Rise of the Runaways
The Phoenix Reborn
62.9%
The Fallout
The One You Feed
60.7%
The Fallout
Graveyard Souls
59.2%
The Resistance: Rise of the Runaways
Second Thoughts
54.1%
Quiz Playlist
Details
Report
Send in Message
Add To Playlist
Classic:
Type in answers that appear in a list
Last Updated: Feb 16, 2017
Quiz Scoreboard
CHALLENGE
Sign Up to Join the Scoreboard
Show All
Scores
Hide
Comments
May contain spoilers
Recently Published
College Basketball Coaching Resumes
by pancakes188
Sports
9m
Billboard Blitz: Fleetwood Mac
by CooCooCachoo
Music
15s
Presidents Visiting Landmarks
by Hejman
History
7m
More to Explore
Quiz From the Vault
Featured Blog Post
Where Did the Easter Bunny Come From?
hide this ad
You Might Also Like...
Tags
Album Quiz
Song Quiz
Crown
empire
The Empire
Today's Top Quizzes in Music
Browse Music
hide this ad
Today's Top Quizzes in Song
Browse Song
Top Contributed Quizzes in Music
1
Taylor Swift All Songs (2024)
2
7-to-1: Billboard Hot 100 #1 Hits of 2010s
3
Guess the Artist- 70s Songs
4
Sorting Albums and Songs
5
Taylor Swift Logic Puzzle
6
KPOP LOGIC QUIZ
7
Guess the Taylor Swift song (Mystery Song)
8
2010s Album by Cover III
9
One Thing in Common: Music
10
Guess The Taylor Swift Lyrics Song #1
Explore More
Trending Topics
Anime
Marvel
Crossword
NBA
Disney
Harry Potter
Kpop
Puzzle
The Office
NFL
WWE
Song
Soccer
Country
Pokémon
hide this ad
More By:
bensco
Quiz
Plays
Rating
Category
Featured
Created
CROWN THE EMPIRE QUIZ
435
Music
Oct 2, 2014
Name the Crown The Empire Songs
412
Music
Apr 9, 2015
A Day To Remember Mystery Song
387
Music
Sep 26, 2014
Breaking Benjamin quiz
343
1.00
Music
Nov 4, 2010
WWE Trivia
173
Sports
Sep 29, 2014
Go to Creator's Profile
Score Distribution
Quiz Creator Spotlight
bensco
Follow
Send a Message
Quizzes Created
-
Created Quiz Play Count
-
More By This Creator
Popular Quizzes Today
1
Find the US States - No Outlines Minefield
2
Find the Countries of Europe - No Outlines Minefield
3
The Countries of the World
4
Find the US States
5
Risky Map Clicking: Biggest States A-Z
6
US States
7
Popular People in 1961
8
Movies - When Are They Set?
More Music Quizzes
Best-Selling Albums of All-Time (UK)
Published
Trending Quizzes
Risky Map Clicking: Least Populous States A-Z
1-10 Letter G Words
1-10 Letter F Words
Risky Map Clicking: Next State Alphabetically
Risky Map Clicking: Biggest States A-Z
Recently Updated
Leaping Animals
pecheneg
Reality TV Shows (A-Z)
bhenderson79
Rickey Henderson's Hall of Fame Teammates
pecheneg
Champions League XIs: Arsenal
pecheneg
Quick Pick: Celebrities in WWE's Hall of Fame
aduchscher
A-Z Keypad Blitz II
pecheneg
Multiple Oscar Actors
pecheneg
Mystery Phrase Blitz: Oscar 'Best Actors'
pecheneg
F. Scott Fitzgerald Novels
LTH
Pick 3 Villains
ddd62291
Trending Topics
Harry Potter
Anime
Marvel
NBA
Crossword
Disney
Kpop
Soccer
Puzzle
WWE
NFL
Song
Country
Pokémon
The Office
Your Account Isn't Verified!
In order to create a playlist on Sporcle, you need to verify the email address you used during registration. Go to your
Sporcle Settings
to finish the process.
Report this User
Report this user for behavior that violates our
Community Guidelines
.
Details:
Send Report
Go to the Sporcle.com Mobile Site →
Comments